LIBRARY & INFORMATION CENTRE, KCAET, TAVANUR

ONLINE PUBLIC ACCESS CATALOGUE (OPAC)

Design analysis and revamping of the pedal operated incense stick making machine (Record no. 16310)

MARC details
000 -LEADER
fixed length control field 00593nam a22001817a 4500
003 - CONTROL NUMBER IDENTIFIER
control field OSt
082 ## - DEWEY DECIMAL CLASSIFICATION NUMBER
Classification number 631.37
Item number AMI/DE
100 ## - MAIN ENTRY--AUTHOR NAME
Personal name Amit Kumar
100 ## - MAIN ENTRY--AUTHOR NAME
Personal name Neeba, M
100 ## - MAIN ENTRY--AUTHOR NAME
Personal name Neethu, K
100 ## - MAIN ENTRY--AUTHOR NAME
Personal name Pankaj Mani
100 ## - MAIN ENTRY--AUTHOR NAME
Personal name Vishal Thakur
245 ## - TITLE STATEMENT
Title Design analysis and revamping of the pedal operated incense stick making machine
260 ## - PUBLICATION, DISTRIBUTION, ETC. (IMPRINT)
Place of publication Tavanur
Name of publisher Department of Farm Machinery and Power Engineering
Year of publication 2020
700 ## - ADDED ENTRY--PERSONAL NAME
Personal name Jayan, P. R
856 ## - ELECTRONIC LOCATION AND ACCESS
Uniform Resource Identifier https://drive.google.com/file/d/1WzflsmUgB9wOlRjn0PkhtnJVKEcOsuIS/view?usp=sharing
942 ## - ADDED ENTRY ELEMENTS (KOHA)
Koha item type Project Report
Holdings
Collection code Home library Current library Shelving location Full call number Accession Number Koha item type
General Books KAUAET KAUAET Reference 631.37 AMI/DE P 471 Project Report
free website counter